| 000 | 00711nas a2200241 4500 | ||
|---|---|---|---|
| 001 | BR9801963 | ||
| 003 | BR-BrBNA | ||
| 005 | 20231205101004.0 | ||
| 007 | ta | ||
| 008 | 230509b bl.|||p| |||| 00| 00por d | ||
| 040 |
_aBR-BrBNA _bpor _cBiblioteca Nacional de Agricultura |
||
| 041 | _a(Pt) | ||
| 072 | _aF07 | ||
| 100 | 1 | _aGrandi, L.A. | |
| 245 | 1 | _aPreparo do solo | |
| 650 | _aManejo do Solo | ||
| 650 | _aImplemento Agricola | ||
| 650 | _aAradura | ||
| 650 | _aPlantio Direto | ||
| 773 | 0 |
_tInforme Agropecuario - Empresa de Pesquisa Agropecuaria de Minas Gerais (Brazil) _xISSN 0100-3364 _g(1998), v. 19(191) p. 5-6 _wBR9801963 |
|
| 909 |
_a202311 _bLúcia _c55 _dLúcia Elande |
||
| 942 |
_2AGRIS _n0 _cANA |
||
| 999 |
_c159178 _d159178 |
||